000 02858nab a2200289 i 4500
003 BR-BrBNA
005 20240229114059.0
008 240229b2006 bl.qr|p|oa||| 00| 0 por |
040 _aBR-BrBNA
_bpor
072 _aF60
_b2290
100 _aSouza, W.P.
100 _aQueiroga, C.L.
100 _aSartoratto, A.
100 _aHonório, S.L.
245 _aAvaliação do teor e da composição química do óleo essencial de Mentha piperita (L.) Huds durante o período diurno em cultivo hidropônico
500 _aPublicação on-line; 8 ref.; 4 illus.; Summaries (En, Pt)
520 _a RESUMO: A composição química do óleo essencial de Mentha piperita (Lamiaceae) é extremamente importante para a indústria farmacêutica, de cosméticos e de alimentos, podendo afetar drasticamente o valor comercial do óleo. Neste estudo, foram avaliadas a produção e a composição química do óleo essencial de M. piperita cultivada em um sistema hidropônico (NFT). Os resultados indicaram teores de óleo essencial significativamente diferentes, variando entre 0,71% e 1,33%. Ao longo do dia observou-se alta produção de mentona (34-42%), mentofurano (24-30%), pulegona (14-22%), acetato de mentila (3- 7%) e baixa produção de mentol (5-8%) que pode ser atribuída à idade da planta. Palavras-chave: Mentha piperita, hidroponia, mentol, mentona, pulegona
520 _a ABSTRACT: Evaluation of the contents and chemical composition of the essential oil from Mentha piperita (L.) Huds during daytime in hydroponic cultivation. The chemical composition of Mentha piperita (Lamiaceae) oil is very important for pharmaceutical, cosmetics and flavor industries. Moreover, it can drastically affect the commercial value of the oil. In this study, the production and the chemical composition of the essential oil from M. piperita was evaluated for plants cultivated in a hydroponic system (NFT). The results indicated that essential oil contents were significantly different, ranging from 0.71% to 1.33%. During daytime, a high production of the menthone (34-42%), menthofuran (24-30%), pulegone (14-22%), menthyl acetate (3-7%) and a low menthol production (3-7%) were observed; these figures may be attributed to the plant age. Key words: Mentha piperita, hydroponics, menthol, menthone, pulegone
650 _aMENTHA PIPERITA
650 _aCULTIVO HIDROPÔNICO
650 _aCOMPOSIÇÃO QUÍMICA
650 _aÓLEO ESSENCIAL
773 0 _03543
_9313785
_dBotucatu-SP Instituto de Biociências - Departamento de Química e Bioquímica 1998
_o2024-0053
_tRevista Brasileira de Plantas Medicinais (Brazil)
_x1516-0572
_gv. 8(4) p. 108-111; (2006)
_wBR2024000086
856 _uhttp://www.sbpmed.org.br/admin/files/papers/file_bSY7FnfFYVPI.pdf
942 _cAnalítica
999 _c298639
_d298639